|
|
|
|
| LEADER |
00000nam0a2200000 4500 |
| 001 |
357029 |
| 005 |
20231102010942.0 |
| 035 |
|
|
|a (RuTPU)RU\TPU\retro\14289
|
| 090 |
|
|
|a 357029
|
| 100 |
|
|
|a 20200727d1901 km y0rusy50 ca
|
| 101 |
1 |
|
|a rus
|c ger
|
| 102 |
|
|
|a RU
|
| 105 |
|
|
|a y z 000zy
|
| 200 |
1 |
|
|a Система морального сознания
|e в связи с отношением критической философии к дарвинизму и социализму
|e пер. с нем.
|f Л. Вольтманн
|g под ред. М. М. Филиппова ; пер. В. Михайлова, Г. Шпетта
|
| 210 |
|
|
|a Санкт-Петербург
|c Издание Зябицкого и Пятина
|d 1901
|
| 215 |
|
|
|a 329 с.
|
| 300 |
|
|
|a Текст в русской дореформенной орфографии
|
| 606 |
1 |
|
|a Немецкая философия
|z 2 пол. 19 в. -1949 г.
|2 stltpush
|3 (RuTPU)RU\TPU\subj\45373
|9 64617
|
| 610 |
1 |
|
|a общественная мысль
|
| 610 |
1 |
|
|a Германия
|
| 610 |
1 |
|
|a 19 век
|
| 610 |
1 |
|
|a история
|
| 610 |
1 |
|
|a критическая философия
|
| 610 |
1 |
|
|a мораль
|
| 610 |
1 |
|
|a сознание
|
| 610 |
1 |
|
|a свобода воли
|
| 610 |
1 |
|
|a этика
|
| 610 |
1 |
|
|a религия
|
| 610 |
1 |
|
|a нравственность
|
| 610 |
1 |
|
|a потребности
|
| 610 |
1 |
|
|a хозяйственная жизнь
|
| 610 |
1 |
|
|a половая жизнь
|
| 610 |
1 |
|
|a духовная жизнь
|
| 610 |
1 |
|
|a воспитание
|
| 686 |
|
|
|a Ю3(4Г)6
|v LBC/SL-A
|2 rubbk
|
| 700 |
|
1 |
|a Вольтманн
|b Л.
|g Людвиг
|
| 702 |
|
1 |
|a Филиппов
|b М. М.
|c русский ученый-энциклопедист
|c публицист
|f 1858-1903
|g Михаил Михайлович
|2 stltpush
|3 (RuTPU)RU\TPU\pers\23640
|4 340
|9 10321
|
| 702 |
|
1 |
|a Михайлов
|b В.
|4 730
|
| 702 |
|
1 |
|a Шпетт
|b Г.
|4 730
|
| 801 |
|
1 |
|a RU
|b 63413507
|c 20200727
|
| 801 |
|
2 |
|a RU
|b 63413507
|c 20200924
|g RCR
|
| 942 |
|
|
|c BK
|